Catalog

Record Details

Catalog Search



Bleach. #40 The lust / story and art by Tite Kubo ... Read More

Kubo, Tite.(Author).
Caselman, Lance.(Added Author). Yamazaki, Joe.(Added Author).

Available copies

  • 2 of 2 copies available at LARL/NWRL Consortium.
  • 1 of 1 copy available at Northwest Regional Library. (Show preferred library)

Current holds

0 current holds with 2 total copies.

Show All Copies
Location Call Number / Copy Notes Barcode Shelving Location Status Due Date
Roseau Public Library ya KUB (Text) 35500005809098 Main Available -
Hawley Public Library Y G KUB (Text) 33500010786630 Main Available -

Record details

  • ISBN: 9781421541372 (pbk.)
  • ISBN: 1421541378 (pbk.)
  • Physical Description: 172 p. : chiefly ill. ; 19 cm.
  • Edition: Shonen Jump Manga ed.
  • Publisher: San Francisco, CA : Viz Media, 2012.

Content descriptions

General Note:
Originally published in Japan in 2001 by Shueisha, Inc.
Reads from right to left in manga style.
Language Note:
Translated from the Japanese.
Subject: Kurosaki, Ichigo (Fictitious character) > Comic books, strips, etc.
Psychic ability > Comic books, strips, etc.
High school students > Comic books, strips, etc.
Supernatural > Comic books, strips, etc.
Genre: Fantasy comic books, strips, etc.
Young adult fiction.
LDR 01864cam a2200493Ia 4500
001142729
003LARL_NWRL_CONSORTIUM
00520120613135953.0
008120223s2012 caua j 6 000 1 eng d
015 . ‡aGBB220878 ‡2bnb
0167 . ‡a016039486 ‡2Uk
019 . ‡a768170991
020 . ‡a9781421541372 (pbk.)
020 . ‡a1421541378 (pbk.)
035 . ‡a(OCoLC)779245209 ‡z(OCoLC)768170991
0411 . ‡aeng ‡hjpn
043 . ‡aa-ja---
08204. ‡a741.5 ‡223
1001 . ‡aKubo, Tite. ‡0(LARL_NWRL_CONSORTIUM)213105
24510. ‡aBleach. ‡n#40 ‡pThe lust / ‡cstory and art by Tite Kubo ; English adaptation, Lance Caselman ; translation, Joe Yamazaki.
24630. ‡aLust
250 . ‡aShonen Jump Manga ed.
260 . ‡aSan Francisco, CA : ‡bViz Media, ‡c2012.
300 . ‡a172 p. : ‡bchiefly ill. ; ‡c19 cm.
4900 . ‡aBleach ; ‡v40
4900 . ‡aShonen Jump manga
546 . ‡aTranslated from the Japanese.
500 . ‡aOriginally published in Japan in 2001 by Shueisha, Inc.
500 . ‡aReads from right to left in manga style.
650 0. ‡aKurosaki, Ichigo (Fictitious character) ‡vComic books, strips, etc.
650 0. ‡aPsychic ability ‡vComic books, strips, etc.
650 0. ‡aHigh school students ‡vComic books, strips, etc.
650 0. ‡aSupernatural ‡vComic books, strips, etc. ‡0(LARL_NWRL_CONSORTIUM)175343
655 0. ‡aFantasy comic books, strips, etc.
655 0. ‡aYoung adult fiction.
7001 . ‡aCaselman, Lance. ‡0(LARL_NWRL_CONSORTIUM)207463
7001 . ‡aYamazaki, Joe. ‡0(LARL_NWRL_CONSORTIUM)215038
901 . ‡a142729 ‡bOCLC ‡c142729 ‡tbiblio

Additional Resources